000 01017nam a2200301Ia 4500
001 5237
003 IT-RoPAU
008 130308s9999 xx 000 0 und d
040 _aIT-RoPAU
040 _cIT-RoPAU
041 _aITALIANO
100 _aMontanaro Carlo
100 _gCodice Aut. SPICS: 3629
245 _aElenco generale dei film reperibili in Italia diviso per temi, tendenze e autori 1968/1969
245 _bElenco Generale dei Film Reperibili in Italia Diviso per Temi, tendenze e Autori 1968/1969
250 _a1a ed.
260 _aVENEZIA
260 _bCinit/Cineforum
260 _c1969 [1° Ed.:1969 - Ed.Ling.Originale:1969]
300 _a"170 p. (prefazione: 10; testo: 160)"
500 _aCineforum Catalogo Film per cineforum a passo Normale e ridotto Associazioni Culturali case Distributrici Film temi tendenze e Autori 1968/1969
650 _aSCHEDE FILMOGRAFICHE
650 _eCodice materia Spics: 6814
942 _cBK
957 _71
999 _c72733
_d72733
999 _bSI
999 _g1